[Event "Extremadura-chT"]
[Site "Spain"]
[Date "2009.03.14"]
[Round "8.4"]
[White "Gomez Romero, Jesus Manuel"]
[Black "Torres Perez, Juan Luis"]
[Result "0-1"]
[WhiteElo "1901"]
[BlackElo "1931"]
[PlyCount "108"]
[EventDate "2009.01.17"]
[EventType "team-swiss"]
[EventRounds "9"]
[EventCountry "ESP"]
[SourceTitle "EXT 2011"]
[Source "ChessBase"]
[SourceDate "2010.11.26"]
[SourceVersion "1"]
[SourceVersionDate "2010.11.26"]
[SourceQuality "1"]
[WhiteTeam "Santa Isabel"]
[BlackTeam "Tierra de Barros"]
[WhiteTeamCountry "ESP"]
[BlackTeamCountry "ESP"]

1. e4 c5 2. c3 d5 3. exd5 Qxd5 4. Nf3 Bg4 5. Be2 Nf6 6. 0-0 Nc6 7. Na3 e6 8. Nc2 Qd7 9. d4 Be7 10. Bg5 cxd4 11. Ncxd4 Rd8 12. Qa4 Nxd4 13. Qxd4 Qxd4 14. cxd4 0-0 15. Rfd1 h6 16. Bh4 g5 17. Bg3 Nh5 18. Be5 f6 19. Bg3 Nxg3 20. hxg3 Rd6 21. Rd2 Rfd8 22. Rad1 Kg7 23. Kf1 a6 24. a3 b5 25. Rd3 Bh5 26. R3d2 g4 27. Ne1 e5 28. d5 f5 29. Nc2 Bg5 30. Ne3 Kf6 31. Rc2 Be8 32. Rc5 Bxe3 33. fxe3 h5 34. Kf2 e4 35. Ke1 Ke5 36. Rc7 R8d7 37. Rc8 Bf7 38. Rh8 Rxd5 39. Rxd5+ Rxd5 40. Ra8 Rd6 41. Rf8 Kf6 42. Ra8 Kg5 43. Ra7 Bg6 44. b3 h4 45. Kf2 h3 46. gxh3 gxh3 47. Bf1 Rd2+ 48. Kg1 Rd1 49. Rxa6 Bh5 50. a4 bxa4 51. Rxa4 Bf3 52. Ra2 Kg4 53. b4 Kxg3 54. b5 Bg2 0-1

[Event "Extremadura-chT"]
[Site "Spain"]
[Date "2008.02.09"]
[Round "4.3"]
[White "Nunez Martin, Rogelio"]
[Black "Torres Perez, Juan Luis"]
[Result "1-0"]
[WhiteElo "1995"]
[BlackElo "1936"]
[PlyCount "69"]
[EventDate "2008.01.19"]
[EventType "team-swiss"]
[EventRounds "9"]
[EventCountry "ESP"]
[SourceTitle "EXT 2011"]
[Source "ChessBase"]
[SourceDate "2010.11.26"]
[SourceVersion "1"]
[SourceVersionDate "2010.11.26"]
[SourceQuality "1"]
[WhiteTeam "La Galeria"]
[BlackTeam "Tierra de Barros"]
[WhiteTeamCountry "ESP"]
[BlackTeamCountry "ESP"]

1. d4 Nf6 2. c4 e6 3. Nc3 c5 4. d5 exd5 5. cxd5 d6 6. e4 g6 7. f4 Bg7 8. Bb5+ Nfd7 9. Bd3 Qh4+ 10. g3 Qd8 11. Nf3 0-0 12. 0-0 a6 13. a4 Nf6 14. Kg2 Nbd7 15. Qc2 Qc7 16. b3 Re8 17. Bb2 Rb8 18. Rae1 Nh5 19. Nd2 Bd4 20. Nb5 axb5 21. Bxd4 bxa4 22. bxa4 Nb6 23. Ba1 Qd7 24. Qb2 Qh3+ 25. Kg1 f6 26. Qxb6 Nxg3 27. Rf3 Qg4 28. Rxg3 Qxf4 29. Qb2 Rf8 30. Nc4 Kg7 31. Rf1 Qh4 32. Nxd6 Bd7 33. Bb5 Bc8 34. Rxf6 Qxf6 35. Ne8+ 1-0

[Event "Extremadura-chT"]
[Site "Spain"]
[Date "2007.03.03"]
[Round "7.1"]
[White "Torres Perez, Juan Luis"]
[Black "Cabezas de Herrera A, Ramon"]
[Result "1-0"]
[WhiteElo "1909"]
[BlackElo "1831"]
[PlyCount "77"]
[EventDate "2007.01.20"]
[EventType "team-swiss"]
[EventRounds "7"]
[EventCountry "ESP"]
[SourceTitle "EXT 2011"]
[Source "ChessBase"]
[SourceDate "2010.11.26"]
[SourceVersion "1"]
[SourceVersionDate "2010.11.26"]
[SourceQuality "1"]
[WhiteTeam "Tierra de Barros"]
[BlackTeam "Pardaleras"]
[WhiteTeamCountry "ESP"]
[BlackTeamCountry "ESP"]

1. e4 c5 2. Nf3 Nc6 3. d4 cxd4 4. Nxd4 d6 5. Nc3 Nf6 6. Bc4 e6 7. Bg5 Be7 8. Qd2 a6 9. 0-0-0 h6 10. Bh4 Na5 11. Be2 Nd5 12. exd5 Bxh4 13. dxe6 0-0 14. exf7+ Rxf7 15. g3 Bf6 16. f4 b5 17. Bf3 Bb7 18. Bxb7 Rxb7 19. Ne6 Qc8 20. Nd4 Nc4 21. Qd3 Kh8 22. Nd5 Qf8 23. g4 Rc8 24. h4 Qf7 25. Nxf6 Qxf6 26. Rdf1 Re7 27. g5 Qf7 28. gxh6 gxh6 29. Nf5 Qf6 30. Nxe7 Qxb2+ 31. Kd1 Re8 32. Ng6+ Kg7 33. Ne5 Rxe5 34. fxe5 Qa1+ 35. Ke2 Qxe5+ 36. Kf2 Qf4+ 37. Qf3 Qd4+ 38. Kg3 Qe5+ 39. Kh3 1-0